000 00291nam a2200145Ia 4500
100 _aAmarender / N
942 _cBK
654 _aProgramming
245 _aComputer Programming 1
260 _bNandu Pub
_c1999
082 _a5.1
_bAMA
300 _a126
546 _aENGLISH
999 _c29947
_d29947